| 000 | 00789nam a2200181 i 4500 | ||
|---|---|---|---|
| 001 | 184884 | ||
| 003 | ES-MaACL | ||
| 005 | 20230906222311.0 | ||
| 007 | t| | ||
| 008 | 160216s1861 sp ||||1| spa d | ||
| 080 | _a364.4.046.6 | ||
| 110 | 2 |
_aAsilo de Nuestra Señora de la Asunción (Madrid) _91505 |
|
| 245 | 1 | 0 |
_aMemoria anual leída por su presidente en Junta de señores vocales de la Directiva el día 11 de noviembre de 1861 / _cAsilo de Nuestra Señora de la Asunción. |
| 260 |
_aMadrid : _b[s.n.], _c1861 ( _fImp. del Colegio Nacional de Sordo-Mudos y Ciegos) |
||
| 300 |
_a8 p., 1 h. pleg. ; _c20 cm. |
||
| 610 | 2 | 4 |
_aAsilo de Nuestra Señora de la Asunción (Madrid)- _vMemorias. _9155960 |
| 852 | 4 |
_aES-MaACL _jT-89-F-15 _z- Enc. en un vol. facticio, falto de cub. original |
|
| 999 |
_c184884 _d184884 |
||